| 000 | nam a22 7a 4500 | ||
|---|---|---|---|
| 999 |
_c40397 _d40397 |
||
| 005 | 20171109155611.0 | ||
| 008 | 171109b xxu||||| |||| 00| 0 eng d | ||
| 040 | _aANE | ||
| 041 | _aEs | ||
| 082 | _a863 S182 | ||
| 110 | _aSalvat S.A | ||
| 245 |
_aCien Obras maestras de la Pintura _cSalvat S.A |
||
| 260 |
_bSalvat S.A _c1969 |
||
| 300 | _a189 p. | ||
| 500 | _aIntroducción | ||
| 942 |
_2ddc _cBK _zNr. |
||